Rôles Les Loups-garous de Thiercelieux - Mort subite - Statistiques

Statistiques générales
  • Ce quiz a été pris 104 fois
  • Le résultat moyen est 6 sur 12
Answers on the Grid
Answers color-coded by a green-red scale on the quiz's grid according to % correct below.
Chasseur
Sorcière
Voyante
Chevalier à l'Épée Rouillée
Comédien
Corbeau
Enfant Sauvage
Gitane
Infect Père des Loups
Salvateur
Loup-Garou Blanc
Marionnettiste
Loup chasseur
Remplaceur
Épéiste
Archange
Tenancier
Illusionniste
Marcheur d'ours
Trois sœurs
 
Statistiques - réponses
Réponse % Correct
Voyante
82%
Sorcière
81%
Chasseur
78%
Loup-Garou Blanc
75%
Enfant Sauvage
55%
Corbeau
38%
Infect Père des Loups
34%
Salvateur
34%
Chevalier à l'Épée Rouillée
26%
Marionnettiste
25%
Gitane
19%
Comédien
9%
Aucun quiz correspondant
Distribution des résultats
% des personnes avec chaque résultat
Percentile par nombre de réponses
Votre historique - résultats
Vous n’avez pas pris ce quiz